00489nam a2200193Ia 4500008004100000020001800041050001400059100002200073245001900095245006100114260001500175260001600190260000900206300001500215300002700230300001000257440002000267500000800287170918s9999 xx 000 0 und d a9780545493055 bG812 2012 aGreene, Stephanie aMonster stew / cStephanie Greene ; illustrated by Stephanie Roth Sisson. aNew York : bScholastic, c2012 a83 pages : bcolored illustration ; c19cm. aPrincess Posey. a350